Statystyki dla Największe Armie Świata

Kliknij tutaj aby rozwiązać quiz!

Ogólne statystyki

  • Ten quiz został rozwiązany 456 razy
  • Średni wynik to 8 z 10

Statystyki odpowiedzi

Kraje% Poprawnych
Rosja
99%
Stany Zjednoczone
99%
Chiny
98%
Indie
92%
Korea Północna
73%
Pakistan
66%
Korea Południowa
65%
Iran
61%
Turcja
59%
Egipt
54%

Rozkład punktacji

Percentyl według liczby udzielonych odpowiedzi

Procent ludzi z każdym wynikiem

Twoja historia wyników

Nie rozwiązałeś tego quizu